Word Ladder: Beach Boys Advice Quiz Stats

 Plays Quiz Updated Jan 18, 2018

Challenge
Share
Tweet
Embed
Score 0/32 Timer 04:00
2 Plays Today
Hint 4-Letter Word % Correct
FinishedDONE
95.3%
Not this🌊 THAT
94.1%
Close a door forcefullySLAM
94%
Question between Who and WhenWHAT
93.9%
Croaking amphibianFROG
93.7%
Elevator option🌊 DOWN
93.6%
George Michael's band!WHAM
92.5%
Decorative pillowcaseSHAM
91.3%
Scout's shelterTENT
91.2%
What a calf sucklesTEAT
91.2%
CraveWANT
89.7%
Planted, like seedsSOWN
89.5%
ShortlySOON
89.4%
LeftWENT
87.4%
Beat with a stickFLOG
86.8%
Opposite of waxWANE
86.5%
Hint 4-Letter Word % Correct
Acknowledge by hand🌊 WAVE
83.8%
Email header info🌊 FROM
83.5%
Smelting wasteSLAG
79.4%
EnsignFLAG
78.4%
Beneficial thingBOON
77.7%
Hamlet or BohrDANE
75.2%
Discouraging word🌊 DON’T
75.1%
Uncool personDORK
75.1%
Type of pool shotBANK
74%
TNG's Worf portrayerDORN
72.4%
Pole supporting a microphoneBOOM
71.5%
Reduce pay, as a penaltyDOCK
71.3%
ScourgeBANE
69%
Premier League's West ____BROM
68.6%
Invest in an idea🌊 BACK
65.7%
Strong lagerBOCK
64.8%

Today's Daily Dose

You're not logged in!

Compare scores with friends on all Sporcle quizzes.
Join for Free
OR
Log In

You Might Also Like...

Show Comments

Extras

Top Quizzes Today


Score Distribution

Your Account Isn't Verified!

In order to create a playlist on Sporcle, you need to verify the email address you used during registration. Go to your Sporcle Settings to finish the process.

Report this User

Report this user for behavior that violates our Community Guidelines.

Details: